Borland Pascal Version 7.0 Quyển 1
Dùng làm tài liệu giảng dạy Pascal, lý thuyết ngắn gọn, trình bày dễ hiểu, minh họa đầy đủ bằng ví dụ, bài tập.
Kaydedildi:
| Yazar: | |
|---|---|
| Materyal Türü: | Kitap |
| Dil: | Vietnamese |
| Baskı/Yayın Bilgisi: |
H.
Lao động Xã hội
2007
|
| Konular: | |
| Etiketler: |
Etiketle
Etiket eklenmemiş, İlk siz ekleyin!
|
| Thư viện lưu trữ: | Thư viện Trường Đại học Nam Cần Thơ |
|---|
| LEADER | 01424nam a22002297a 4500 | ||
|---|---|---|---|
| 001 | NCT_47258 | ||
| 008 | 180713b xxu||||| |||| 00| 0 vie d | ||
| 999 | |c 2262 |d 2262 | ||
| 020 | |c 65000 | ||
| 082 | 0 | 4 | |2 23rd ed. |a 005.362 |b T250/Q.1 |
| 100 | 1 | |a Nguyễn Đình Tê |e Chủ biên | |
| 245 | 1 | 0 | |a Borland Pascal Version 7.0 |n Quyển 1 |c Nguyễn Đình Tê (chủ biên) |
| 260 | |a H. |b Lao động Xã hội |c 2007 | ||
| 300 | |a 219 tr. |b minh họa |c 24cm | ||
| 520 | 3 | |a Dùng làm tài liệu giảng dạy Pascal, lý thuyết ngắn gọn, trình bày dễ hiểu, minh họa đầy đủ bằng ví dụ, bài tập. | |
| 653 | |a Công nghệ thông tin | ||
| 942 | |2 ddc |c BK | ||
| 952 | |0 0 |1 0 |2 ddc |4 0 |6 005_362000000000000_T250_Q_1 |7 0 |9 12888 |a 000001 |b 000001 |d 2018-07-13 |o 005.362 T250/Q.1 |p MD.05777 |r 2018-07-13 |v 65000.00 |w 2018-07-13 |y BK | ||
| 952 | |0 0 |1 0 |2 ddc |4 0 |6 005_362000000000000_T250_Q_1 |7 0 |9 12889 |a 000001 |b 000001 |d 2018-07-13 |o 005.362 T250/Q.1 |p MD.05778 |r 2018-07-13 |v 65000.00 |w 2018-07-13 |y BK | ||
| 952 | |0 0 |1 0 |2 ddc |4 0 |6 005_362000000000000_T250_Q_1 |7 0 |9 12890 |a 000001 |b 000001 |d 2018-07-13 |o 005.362 T250/Q.1 |p MD.05306 |r 2018-07-13 |v 65000.00 |w 2018-07-13 |y BK | ||
| 952 | |0 0 |1 0 |2 ddc |4 0 |6 005_362000000000000_T250_Q_1 |7 0 |9 12891 |a 000001 |b 000001 |d 2018-07-13 |o 005.362 T250/Q.1 |p MD.05307 |r 2018-07-13 |v 65000.00 |w 2018-07-13 |y BK | ||
| 980 | |a Thư viện Trường Đại học Nam Cần Thơ | ||